000 00599nam a22001937a 4500
003 LK-CoDNM
005 20250224102127.0
008 250224b |||||||| |||| 00| 0 eng d
040 _aLK-CoDNM
_dLK-CoDNM
_eLK-CoDNM
041 _aeng
080 _aRC
_b486
100 _aJames G Smither
245 _aArchitectural Remains Anuradhapura, Ceylon; Comprising The Dagabas And Certain Other Ancient Ruined Structures
260 _aLondon
_bCooper and Budd
_g-
300 _aii,Lxvii. : ill ; map, 37cm
650 _aRare Collection
650 _aArchitectural Remains Anuradhapura,
942 _cBK
999 _c238301
_d238301